Barnabas and Paul: brothers in conflict. (Record no. 4311)

MARC details
000 -LEADER
fixed length control field 01064cam a2200313 4500
001 - CONTROL NUMBER
control field 2670100
003 - CONTROL NUMBER IDENTIFIER
control field GBCCL
005 - DATE AND TIME OF LATEST TRANSACTION
control field 20241126110515.0
008 - FIXED-LENGTH DATA ELEMENTS--GENERAL INFORMATION
fixed length control field 740212s1973 tnu 000 1 eng
010 ## -
-- 73080777
020 ## - INTERNATIONAL STANDARD BOOK NUMBER
International Standard Book Number 0805487034
040 ## - CATALOGING SOURCE
Original cataloging agency DLC
Transcribing agency DLC
Modifying agency DLC
050 00 -
-- PZ4.S8147
-- Bao
-- PS3569.T3385
082 00 - DEWEY DECIMAL CLASSIFICATION NUMBER
Classification number 813.54
Item number STE
100 1# - MAIN ENTRY--PERSONAL NAME
Personal name Steen, John Warren.
9 (RLIN) 251
245 10 - TITLE STATEMENT
Title Barnabas and Paul: brothers in conflict.
260 ## - PUBLICATION, DISTRIBUTION, ETC.
Place of publication, distribution, etc. Nashville,
Name of publisher, distributor, etc. Broadman Press
Date of publication, distribution, etc. [c1973]
300 ## - PHYSICAL DESCRIPTION
Extent 128 p.
Dimensions 20 cm.
600 00 - SUBJECT ADDED ENTRY--PERSONAL NAME
Personal name Paul,
Titles and other words associated with a name the Apostle, Saint
General subdivision Fiction.
9 (RLIN) 8134
600 00 - SUBJECT ADDED ENTRY--PERSONAL NAME
Personal name Barnabas,
Titles and other words associated with a name Apostle, Saint
General subdivision Fiction.
9 (RLIN) 252
630 00 - SUBJECT ADDED ENTRY--UNIFORM TITLE
Uniform title Bible.
Name of part/section of a work New Testament
General subdivision History of Biblical events
-- Fiction.
9 (RLIN) 253
650 #0 - SUBJECT ADDED ENTRY--TOPICAL TERM
Topical term or geographic name entry element Church history
Chronological subdivision Primitive and early church, ca. 30-600
General subdivision Fiction.
9 (RLIN) 8135
650 #0 - SUBJECT ADDED ENTRY--TOPICAL TERM
Topical term or geographic name entry element Christian saints
General subdivision Fiction.
9 (RLIN) 254
650 #0 - SUBJECT ADDED ENTRY--TOPICAL TERM
Topical term or geographic name entry element Apostles
General subdivision Fiction.
9 (RLIN) 255
655 #7 - INDEX TERM--GENRE/FORM
Genre/form data or focus term Christian fiction.
Source of term lcsh
9 (RLIN) 256
655 #7 - INDEX TERM--GENRE/FORM
Genre/form data or focus term Biographical fiction.
Source of term gsafd
9 (RLIN) 257
906 ## - LOCAL DATA ELEMENT F, LDF (RLIN)
a 7
b cbc
c orignew
d 2
e opcn
f 19
g y-gencatlg
942 ## - ADDED ENTRY ELEMENTS (KOHA)
Source of classification or shelving scheme Dewey Decimal Classification
Koha item type Books
Koha issues (borrowed), all copies 2
Holdings
Withdrawn status Lost status Source of classification or shelving scheme Damaged status Not for loan Home library Current Library Shelving location Date acquired Total checkouts Full call number Barcode Date last seen Date last checked out Copy number Price effective from Koha item type
    Dewey Decimal Classification     GRACE BIBLE COLLEGE GRACE BIBLE COLLEGE General Studies 2018-01-18 2 813.54 STE 007596 2025-05-01 2024-11-07 c.1 2018-01-18 Books
© Grace Bible College Library 2025